000 003190000a22001450004500
003 MACL
040 _aMACL
090 _c33846
_d33844
100 _aAgarwal, Dr P K
245 _aScreening Plus Physics
260 _bKrishna Prakashan Media P Ltd
_c2002
350 _a130
650 _aPhysics
942 _cBOOK
_k530/AGR
999 _c33491
_d33491